<?xml version="1.0" encoding="UTF-8"?>
<record
    xmlns:xsi="http://www.w3.org/2001/XMLSchema-instance"
    xsi:schemaLocation="http://www.loc.gov/MARC21/slim http://www.loc.gov/standards/marcxml/schema/MARC21slim.xsd"
    xmlns="http://www.loc.gov/MARC21/slim">

  <leader>01343nam a2200241 i 4500</leader>
  <controlfield tag="001">187781</controlfield>
  <controlfield tag="003">ES-MaACL</controlfield>
  <controlfield tag="005">20230906223028.0</controlfield>
  <controlfield tag="008">180221m19691970sp           |||| | spa d</controlfield>
  <datafield tag="100" ind1="1" ind2=" ">
    <subfield code="a">Maertens, Thierry.</subfield>
    <subfield code="9">184379</subfield>
  </datafield>
  <datafield tag="245" ind1="1" ind2="0">
    <subfield code="a">Nueva gu&#xED;a de la asamblea cristiana / </subfield>
    <subfield code="c">Thierry Maertens y Jean Frisque ; [traducci&#xF3;n de Florentino P&#xE9;rez].</subfield>
  </datafield>
  <datafield tag="260" ind1=" " ind2=" ">
    <subfield code="a">Madrid : </subfield>
    <subfield code="b">Marova, </subfield>
    <subfield code="c">1969-1970.</subfield>
  </datafield>
  <datafield tag="300" ind1=" " ind2=" ">
    <subfield code="a">8 v. ; </subfield>
    <subfield code="c">21 cm.</subfield>
  </datafield>
  <datafield tag="490" ind1="1" ind2=" ">
    <subfield code="a">Christus Pastor</subfield>
  </datafield>
  <datafield tag="505" ind1="8" ind2=" ">
    <subfield code="a">I. Primer domingo de Adviento al primer domingo de Epifan&#xED;a (329 p.) -  II. Primera a octava semanas y segundo a octavo domingos. Tiempo "per anuum" (373 p.) -  III. Semana de Ceniza a Domingo de Pascua (327 p.) - IV. Tiempo Pascual, Trinidad, Corpus Christi, Sagrado Coraz&#xF3;n (357 p.) -  V. 9&#xBA; a 21&#xBA; domingo despu&#xE9;s de Pentecost&#xE9;s (327 p.)  - VI. 9&#xAA; a 21&#xAA; primera semana tiempo "per annum" (325 p.) - VII. Vig&#xE9;simo segundo al trig&#xE9;simo cuarto domingo despu&#xE9;s de Pentecost&#xE9;s (321 p.) - VIII. Vig&#xE9;simo segunda a trig&#xE9;simocuarta y &#xFA;ltima semana. Tiempo "per annum" (297 p.)</subfield>
  </datafield>
  <datafield tag="650" ind1="0" ind2="4">
    <subfield code="a">Sermones para el a&#xF1;o lit&#xFA;rgico.</subfield>
    <subfield code="9">17056</subfield>
  </datafield>
  <datafield tag="650" ind1="0" ind2="4">
    <subfield code="a">A&#xF1;o lit&#xFA;rgico.</subfield>
    <subfield code="9">9903</subfield>
  </datafield>
  <datafield tag="700" ind1="1" ind2=" ">
    <subfield code="a">P&#xE9;rez, Florentino.</subfield>
    <subfield code="9">90573</subfield>
  </datafield>
  <datafield tag="700" ind1="1" ind2=" ">
    <subfield code="a">Frisque, Jean.</subfield>
    <subfield code="9">52687</subfield>
  </datafield>
  <datafield tag="830" ind1="0" ind2=" ">
    <subfield code="a">Christus Pastor</subfield>
    <subfield code="9">182711</subfield>
  </datafield>
  <datafield tag="852" ind1=" " ind2=" ">
    <subfield code="a">ES-MaACL</subfield>
    <subfield code="j">C-55248-55</subfield>
  </datafield>
  <datafield tag="999" ind1=" " ind2=" ">
    <subfield code="c">187781</subfield>
    <subfield code="d">187781</subfield>
  </datafield>
  <datafield tag="952" ind1=" " ind2=" ">
    <subfield code="0">0</subfield>
    <subfield code="1">0</subfield>
    <subfield code="4">0</subfield>
    <subfield code="7">0</subfield>
    <subfield code="a">ATENEOM</subfield>
    <subfield code="b">ATENEOM</subfield>
    <subfield code="c">DEPO2</subfield>
    <subfield code="d">2018-02-21</subfield>
    <subfield code="e">SC</subfield>
    <subfield code="l">0</subfield>
    <subfield code="o">C-55248-55</subfield>
    <subfield code="p">1198394</subfield>
    <subfield code="r">2023-02-23 00:00:00</subfield>
    <subfield code="w">2023-02-23</subfield>
    <subfield code="y">MONOGRAFIA</subfield>
  </datafield>
</record>
